LEADER 00986nam0 2200253 450 001 000010323 005 20180629120200.0 100 $a20080423d1967----km-y0itay50------ba 101 0 $aita 102 $aIT 105 $ay---n---001yy 200 1 $aRaccolta generale della legislazione italiana sulla pesca dal 1865 al 1965 210 $aMilano$cA. Giuffrè$d1967 215 $aVIII, 726 p.$d25 cm 225 2 $aArchivio di atti e documentazione del Centro italiano di studi e programmazioni per la pesca$v3 410 0$12001$aArchivio di atti e documentazione del Centro italiano di studi e programmazioni per la pesca 610 1 $aPesca$aLegislazione$aItalia$aStoria 676 $a799.1$v16$9Pesca sportiva 676 $a799.1$v17$9Pesca sportiva 801 0$aIT$bUNIPARTHENOPE$c20080423$gRICA$2UNIMARC 912 $a000010323 951 $a639.202/100$b17253$cPIST 996 $aRaccolta generale della legislazione italiana sulla pesca dal 1865 al 1965$91203589 997 $aUNIPARTHENOPE